[Event "4NCL Division 1d"]
[Site "Hinckley Island ENG"]
[Date "2014.05.03"]
[Round "9.161"]
[White "Tan, Justin"]
[Black "Turner, Matthew J"]
[Result "1/2-1/2"]
[WhiteElo "2363"]
[BlackElo "2499"]
[PlyCount "82"]
[EventDate "2014.05.03"]
[WhiteTeam "Oxford 1"]
[BlackTeam "Barbican 4NCL 1"]

1. e4 e5 2. Nf3 Nc6 3. Bb5 a6 4. Ba4 Nf6 5. O-O b5 6. Bb3 Bc5 7. c3 d6 8. a4
Rb8 9. d4 Bb6 10. Na3 Bg4 11. axb5 axb5 12. Nxb5 Bxf3 13. Qxf3 exd4 14. Nxd4
Nxd4 15. Ba4+ Nd7 16. cxd4 Bxd4 17. Rd1 Bf6 18. Qg4 h5 19. Qh3 Ke7 20. f4 Bxb2
21. Bxb2 Rxb2 22. e5 Rh6 23. Re1 Re6 24. f5 Rxe5 25. Bxd7 Qb8 26. Rxe5+ dxe5
27. Rd1 Qb6+ 28. Kh1 Rd2 29. Qh4+ f6 30. Ba4 Qd4 31. Qxh5 Kd6 32. Rc1 Qxa4 33.
h3 Qa3 34. Rg1 Qd3 35. Qg4 c5 36. Qxg7 Qxf5 37. Qf8+ Kc6 38. Qa8+ Kd7 39. Ra1
Ke7 40. Qa7+ Rd7 41. Qxc5+ Kf7 1/2-1/2

[Event "4NCL Division 1d"]
[Site "Hinckley Island ENG"]
[Date "2014.05.03"]
[Round "9.162"]
[White "Cox, John J"]
[Black "Zakarian, David"]
[Result "1/2-1/2"]
[WhiteElo "2396"]
[BlackElo "2403"]
[PlyCount "119"]
[EventDate "2014.05.03"]
[WhiteTeam "Barbican 4NCL 1"]
[BlackTeam "Oxford 1"]

1. c4 Nf6 2. g3 g6 3. Bg2 Bg7 4. Nc3 O-O 5. Nf3 d6 6. O-O Nc6 7. d3 e5 8. Rb1
a5 9. a3 h6 10. b4 axb4 11. axb4 Be6 12. b5 Ne7 13. Qb3 Qc8 14. Ba3 Bh3 15.
Nxe5 Bxg2 16. Kxg2 Nh5 17. Nf3 Re8 18. b6 c5 19. Nb5 Nc6 20. e3 Rd8 21. Bb2
Bxb2 22. Rxb2 Nb4 23. Nc7 Ra5 24. d4 Qg4 25. Rd2 Nc6 26. d5 Nb4 27. h3 Qe4 28.
Rc1 Nf6 29. Nb5 Ra6 30. Qb1 Qe7 31. Re2 Ne4 32. Nc3 Nxc3 33. Rxc3 Rxb6 34. e4
Re8 35. Rb3 Qc7 36. Ne1 Ra6 37. Nc2 Nxc2 38. Rxc2 Ra7 39. Rcb2 Qe7 40. f3 Qf6
41. Qc2 Rea8 42. Qc3 Qxc3 43. Rxc3 Ra1 44. Rcb3 Rc1 45. Rxb7 Ra3 46. R7b6 Rcc3
47. Rf2 Rxc4 48. Rxd6 Rd3 49. Rc6 Rc1 50. d6 c4 51. e5 c3 52. f4 Re1 53. d7
Rxd7 54. Rxc3 h5 55. Rfc2 Kg7 56. Rc8 Rd3 57. R8c3 Rd7 58. g4 hxg4 59. hxg4 g5
60. fxg5 1/2-1/2

[Event "4NCL Division 1d"]
[Site "Hinckley Island ENG"]
[Date "2014.05.03"]
[Round "9.163"]
[White "Eckersley-Waites, Tom"]
[Black "D'Costa, Lorin AR"]
[Result "0-1"]
[WhiteElo "2275"]
[BlackElo "2418"]
[PlyCount "60"]
[EventDate "2014.05.03"]
[WhiteTeam "Oxford 1"]
[BlackTeam "Barbican 4NCL 1"]

1. e4 c6 2. c4 d5 3. exd5 cxd5 4. cxd5 Nf6 5. Qa4+ Nbd7 6. Nc3 g6 7. g3 Bg7 8.
Bg2 O-O 9. Nge2 Nb6 10. Qb3 Bf5 11. O-O Bd3 12. Re1 Bc4 13. Qa3 Nfxd5 14. d3
Ba6 15. Ne4 Bb5 16. Bd2 Bc6 17. Rac1 Re8 18. b4 Nc7 19. Qb3 Rc8 20. Bc3 Bd5 21.
Qb1 e5 22. Ba1 f5 23. Rcd1 Nb5 24. Nc5 Bxg2 25. Kxg2 Qd5+ 26. Kg1 Qf7 27. a4
Nd6 28. Nc3 Nd5 29. Nxd5 Qxd5 30. Qb3 Rxc5 0-1

[Event "4NCL Division 1d"]
[Site "Hinckley Island ENG"]
[Date "2014.05.03"]
[Round "9.164"]
[White "Ferguson, Mark"]
[Black "Dickinson, Tim R"]
[Result "1-0"]
[WhiteElo "2411"]
[BlackElo "2124"]
[PlyCount "87"]
[EventDate "2014.05.03"]
[WhiteTeam "Barbican 4NCL 1"]
[BlackTeam "Oxford 1"]

1. e4 e6 2. d4 d5 3. Nd2 dxe4 4. Nxe4 Nd7 5. Nf3 Ngf6 6. Nxf6+ Nxf6 7. c3 Be7
8. Bd3 O-O 9. Qe2 b6 10. Bg5 Bb7 11. O-O-O Bxf3 12. Qxf3 Qd5 13. Qxd5 Nxd5 14.
Bd2 c5 15. dxc5 Bxc5 16. Rhf1 Rad8 17. Kc2 h6 18. b4 Be7 19. a3 g5 20. g3 f5
21. Rfe1 Kf7 22. c4 Nc7 23. h4 Bf6 24. hxg5 hxg5 25. Rh1 Rh8 26. a4 Kg6 27. g4
Bd4 28. Rxh8 Rxh8 29. Rg1 Bf6 30. f4 Rh2 31. gxf5+ exf5 32. fxg5 Bd4 33. Re1
Rxd2+ 34. Kxd2 Kxg5 35. Re7 Na6 36. Rd7 Bf6 37. b5 Nc5 38. Rxa7 Bb2 39. Kc2 Bd4
40. a5 bxa5 41. Rxa5 f4 42. b6 Kg4 43. Rb5 Na6 44. c5 1-0

[Event "4NCL Division 1d"]
[Site "Hinckley Island ENG"]
[Date "2014.05.03"]
[Round "9.165"]
[White "Healey, Michael W"]
[Black "Franklin, Samuel GA"]
[Result "0-1"]
[WhiteElo "2132"]
[BlackElo "2294"]
[PlyCount "94"]
[EventDate "2014.05.03"]
[WhiteTeam "Oxford 1"]
[BlackTeam "Barbican 4NCL 1"]

1. e4 e5 2. Nf3 Nc6 3. Bb5 a6 4. Bxc6 dxc6 5. O-O Bg4 6. h3 h5 7. d3 Qf6 8. Be3
Bxf3 9. Qxf3 Qxf3 10. gxf3 Bd6 11. Nd2 Ne7 12. Rfb1 c5 13. a3 Nc6 14. c3 a5 15.
Kf1 f6 16. Ke2 Kf7 17. h4 g6 18. Nc4 Rhe8 19. Rg1 a4 20. Rab1 b5 21. Nxd6+ cxd6
22. f4 exf4 23. Bxf4 d5 24. f3 c4 25. Rbd1 Rad8 26. dxc4 bxc4 27. Rg2 dxe4 28.
Rxd8 exf3+ 29. Kxf3 Rxd8 30. Re2 Rd3+ 31. Kg2 f5 32. Bg5 Rd5 33. Bf4 Nd8 34.
Be5 Ne6 35. Kf3 Rd3+ 36. Kg2 Nc5 37. Kh2 Ne4 38. Rg2 Rd2 39. Rxd2 Nxd2 40. Kg3
Ke6 41. Bh8 Ne4+ 42. Kf4 Nc5 43. Kg5 Kf7 44. Kf4 Nd3+ 45. Ke3 f4+ 46. Ke4 g5
47. hxg5 Kg6 0-1

[Event "4NCL Division 1d"]
[Site "Hinckley Island ENG"]
[Date "2014.05.03"]
[Round "9.166"]
[White "Knott, Simon JB"]
[Black "Ludbrook, Matthew"]
[Result "1-0"]
[WhiteElo "2325"]
[BlackElo "1998"]
[PlyCount "85"]
[EventDate "2014.05.03"]
[WhiteTeam "Barbican 4NCL 1"]
[BlackTeam "Oxford 1"]

1. Nf3 Nf6 2. c4 d6 3. d4 c5 4. Nc3 cxd4 5. Nxd4 Nc6 6. e4 g6 7. Be2 Bg7 8. Be3
O-O 9. O-O Bd7 10. Qd2 a6 11. f3 Ne8 12. Rfd1 Nc7 13. Nb3 Be6 14. Nd5 Ne5 15.
Bb6 Bxd5 16. cxd5 Nd7 17. Be3 Qb8 18. Rac1 Rc8 19. Rc2 Ne8 20. Rdc1 Rxc2 21.
Rxc2 Kf8 22. Na5 b6 23. Nc6 Qb7 24. b4 Rc8 25. Qd3 Ra8 26. Kf2 Nc7 27. a3 Ne8
28. Qd2 Ndf6 29. a4 Nd7 30. a5 b5 31. f4 Rc8 32. Bf3 f6 33. Qc1 Ra8 34. g4 Kf7
35. h4 Nf8 36. Nd4 Rb8 37. g5 Qd7 38. Kg3 h5 39. gxh6 Bxh6 40. Bg4 Qb7 41. Bc8
Qa8 42. Rc6 Ng7 43. Rxa6 1-0

[Event "4NCL Division 1d"]
[Site "Hinckley Island ENG"]
[Date "2014.05.03"]
[Round "9.172"]
[White "Varnam, Liam D"]
[Black "Gormally, Daniel W"]
[Result "0-1"]
[WhiteElo "2126"]
[BlackElo "2492"]
[PlyCount "74"]
[EventDate "2014.05.03"]
[WhiteTeam "Grantham Sharks 2"]
[BlackTeam "Blackthorne Russia"]

1. e4 c5 2. Nf3 d6 3. d4 cxd4 4. Nxd4 Nf6 5. Nc3 a6 6. Be3 e6 7. Bd3 b5 8. a3
Bb7 9. f4 Nbd7 10. O-O Rc8 11. Nde2 Ng4 12. Bd4 e5 13. Bf2 Ndf6 14. h3 Nxf2 15.
Rxf2 Qb6 16. fxe5 dxe5 17. Kf1 Bc5 18. Rf5 O-O 19. g4 g6 20. Rf3 h5 21. Rg3
hxg4 22. hxg4 Nxg4 23. Rxg4 Qf6+ 24. Nf4 exf4 25. Qf3 Bd6 26. Rb1 Kg7 27. Kg2
Rh8 28. Rg1 Rc5 29. Nd5 Qxb2 30. Nxf4 Rxc2+ 31. Bxc2 Qxc2+ 32. Kf1 Bxe4 33.
Nh5+ Rxh5 34. Rxe4 Bc5 35. Rf4 Qb1+ 36. Ke2 Rh2+ 37. Rg2 Qc2+ 0-1

[Event "4NCL Division 1d"]
[Site "Hinckley Island ENG"]
[Date "2014.05.03"]
[Round "9.173"]
[White "Hunt, Adam C"]
[Black "Burrows, Martin P"]
[Result "1-0"]
[WhiteElo "2434"]
[BlackElo "2168"]
[PlyCount "53"]
[EventDate "2014.05.03"]
[WhiteTeam "Blackthorne Russia"]
[BlackTeam "Grantham Sharks 2"]

1. e4 c5 2. Nf3 d6 3. d4 cxd4 4. Nxd4 Nf6 5. Nc3 a6 6. Bg5 e6 7. Qe2 Be7 8. f4
Nc6 9. O-O-O Bd7 10. Nf3 b5 11. e5 dxe5 12. Bxf6 Bxf6 13. fxe5 Be7 14. Qe4 Qa5
15. Kb1 b4 16. Ne2 Rb8 17. Nc1 Qb6 18. Bd3 Na7 19. Qg4 g6 20. Ng5 Bxg5 21. Qxg5
Bb5 22. h4 Bxd3 23. Rxd3 h5 24. Qf6 O-O 25. g4 Qc6 26. gxh5 Kh7 27. Rg1 1-0

[Event "4NCL Division 1d"]
[Site "Hinckley Island ENG"]
[Date "2014.05.03"]
[Round "9.174"]
[White "Murphy, Hugh W"]
[Black "Ledger, Andrew J"]
[Result "0-1"]
[WhiteElo "2156"]
[BlackElo "2392"]
[PlyCount "60"]
[EventDate "2014.05.03"]
[WhiteTeam "Grantham Sharks 2"]
[BlackTeam "Blackthorne Russia"]

1. e4 c6 2. d4 d5 3. exd5 cxd5 4. Bd3 Nc6 5. c3 Qc7 6. Nf3 Bg4 7. Nbd2 Nf6 8.
Nf1 Bh5 9. Ng3 Bg6 10. O-O e6 11. Re1 Be7 12. Bg5 Bxd3 13. Qxd3 O-O 14. Ne5 Nd7
15. Bxe7 Ndxe5 16. dxe5 Qxe7 17. Re3 Qg5 18. Qe2 d4 19. Re4 dxc3 20. bxc3 Rad8
21. f4 Qe7 22. Nh5 Qc5+ 23. Re3 Ne7 24. Kh1 Rd7 25. Qg4 Ng6 26. Rh3 Rfd8 27.
Rf1 Qc4 28. Rg1 Rd3 29. Ng3 Qxf4 30. Qh5 h6 0-1

[Event "4NCL Division 1d"]
[Site "Hinckley Island ENG"]
[Date "2014.05.03"]
[Round "9.175"]
[White "Ansell, Simon T"]
[Black "Cairns, Stephen"]
[Result "1-0"]
[WhiteElo "2366"]
[BlackElo "2042"]
[PlyCount "61"]
[EventDate "2014.05.03"]
[WhiteTeam "Blackthorne Russia"]
[BlackTeam "Grantham Sharks 2"]

1. e4 c5 2. Nf3 Nc6 3. d4 cxd4 4. Nxd4 e5 5. Nb5 a6 6. Nd6+ Bxd6 7. Qxd6 Qf6 8.
Qxf6 Nxf6 9. Nc3 Nb4 10. Bd3 h6 11. b3 d6 12. Ba3 Nxd3+ 13. cxd3 Ke7 14. f4
exf4 15. e5 Ne8 16. Nd5+ Ke6 17. Nxf4+ Kxe5 18. O-O Kf5 19. Rae1 g5 20. Bb2 f6
21. Nd5+ Kg6 22. Nxf6 Nxf6 23. Rxf6+ Kh5 24. Rxd6 Rh7 25. h3 Bd7 26. Kh2 Rf8
27. Re2 g4 28. Re5+ Bf5 29. hxg4+ Kxg4 30. Rd4+ Kg5 31. g4 1-0

[Event "4NCL Division 1d"]
[Site "Hinckley Island ENG"]
[Date "2014.05.03"]
[Round "9.176"]
[White "McGowan, Daniel"]
[Black "Bates, Richard A"]
[Result "0-1"]
[WhiteElo "2097"]
[BlackElo "2342"]
[PlyCount "66"]
[EventDate "2014.05.03"]
[WhiteTeam "Grantham Sharks 2"]
[BlackTeam "Blackthorne Russia"]

1. e4 c5 2. Nf3 d6 3. c3 Nf6 4. h3 Nc6 5. Bd3 e5 6. Bc2 Be7 7. O-O O-O 8. Re1
Qc7 9. d3 d5 10. exd5 Nxd5 11. Nbd2 Nf4 12. Nc4 Ng6 13. Qe2 Bf6 14. Be3 b6 15.
Rad1 Bb7 16. Ncd2 Rae8 17. Ne4 Bd8 18. Bc1 h6 19. Ng3 Qd7 20. Qf1 Ba6 21. Bb3
Na5 22. Bc2 Bc7 23. b4 cxb4 24. cxb4 Nc6 25. a3 Nd4 26. Nxd4 exd4 27. Rxe8 Rxe8
28. Re1 Bb7 29. Rxe8+ Qxe8 30. Bb3 Nh4 31. Ne4 Bxe4 32. dxe4 Qe5 33. Qc4 Qh2+
0-1

[Event "4NCL Division 1d"]
[Site "Hinckley Island ENG"]
[Date "2014.05.03"]
[Round "9.177"]
[White "Webb, Laurence E"]
[Black "Summerscale, Claire E"]
[Result "1-0"]
[WhiteElo "2249"]
[BlackElo "1941"]
[PlyCount "129"]
[EventDate "2014.05.03"]
[WhiteTeam "Blackthorne Russia"]
[BlackTeam "Grantham Sharks 2"]

1. e4 e5 2. Nf3 d6 3. d4 Qe7 4. Nc3 c6 5. Bc4 h6 6. Be3 Nf6 7. a4 a5 8. h3 Nbd7
9. O-O g5 10. dxe5 dxe5 11. Nd2 Bg7 12. Ne2 Nh5 13. Ng3 Nxg3 14. fxg3 Nf6 15.
Nb3 Be6 16. Bc5 Qd7 17. Qe2 Bxc4 18. Qxc4 b5 19. Qe2 Qb7 20. Kh2 bxa4 21. Nd2
Qb5 22. Qe3 Rd8 23. Ba3 c5 24. Rf2 Nd7 25. Nb1 O-O 26. Nc3 Qc6 27. Nd5 Rfe8 28.
Raf1 f6 29. Qc3 Ra8 30. Qc4 Kh7 31. Ne3 Nb6 32. Qxc5 Qxc5 33. Bxc5 Nd7 34. Ba3
Bf8 35. Rd2 Nc5 36. Bxc5 Bxc5 37. Nd5 Be7 38. Nc7 Rad8 39. Rfd1 Rxd2 40. Rxd2
Rd8 41. Rxd8 Bxd8 42. Nd5 Kg6 43. Kg1 f5 44. Kf2 fxe4 45. Nc3 Bb6+ 46. Ke2 Bd4
47. Nxa4 Kf5 48. c3 Ba7 49. g4+ Ke6 50. b3 Kd6 51. Nb2 Kc5 52. Kd2 Bb8 53. Nd1
Bd6 54. Ne3 Bf8 55. Nc2 Kd5 56. Ke2 Kc6 57. Ke3 Kd5 58. c4+ Kc5 59. Kxe4 Kd6
60. Ne1 Ke6 61. Nd3 Bd6 62. c5 Bc7 63. Nb2 Bd8 64. Nc4 Bc7 65. g3 1-0

[Event "4NCL Division 1d"]
[Site "Hinckley Island ENG"]
[Date "2014.05.03"]
[Round "9.178"]
[White "Kourtseva, Julie"]
[Black "Atkins, Rita"]
[Result "0-1"]
[WhiteElo "1782"]
[BlackElo "2141"]
[PlyCount "72"]
[EventDate "2014.05.03"]
[WhiteTeam "Grantham Sharks 2"]
[BlackTeam "Blackthorne Russia"]

1. d4 d6 2. Nf3 Bg4 3. h3 Bxf3 4. gxf3 Nd7 5. b3 e5 6. Bb2 Ngf6 7. Bg2 c6 8.
Nd2 Qc7 9. c4 Be7 10. Ne4 O-O 11. Rg1 Nh5 12. Qd2 Nf4 13. e3 Ne6 14. f4 exf4
15. exf4 d5 16. cxd5 cxd5 17. Nc3 Nxf4 18. Nxd5 Nxd5 19. Bxd5 Rfe8 20. Kf1 Qd6
21. Bc4 Bf6 22. Bd3 g6 23. Rd1 Rad8 24. Rg4 Bg7 25. h4 Nf6 26. Rg2 Nh5 27. Bb5
Re4 28. f3 Rxh4 29. Qg5 Rh1+ 30. Rg1 Bf6 31. Qe3 Rh2 32. Qc1 Ng3+ 33. Rxg3 Qxg3
34. Qe3 Rh1+ 35. Ke2 Qg2+ 36. Qf2 Qxf2+ 0-1

[Event "4NCL Division 1d"]
[Site "Hinckley Island ENG"]
[Date "2014.05.03"]
[Round "9.181"]
[White "Greet, Andrew N"]
[Black "Mah, Karl CC"]
[Result "1/2-1/2"]
[WhiteElo "2435"]
[BlackElo "2403"]
[PlyCount "81"]
[EventDate "2014.05.03"]
[WhiteTeam "Wood Green HK 2"]
[BlackTeam "Cambridge University 1"]

1. d4 d5 2. c4 c6 3. Nf3 Nf6 4. e3 Bf5 5. Nc3 e6 6. Bd3 Bxd3 7. Qxd3 Nbd7 8.
O-O Be7 9. e4 dxe4 10. Nxe4 O-O 11. Rd1 Nxe4 12. Qxe4 Qb6 13. b3 Rfd8 14. Bf4
Qa5 15. a4 Nf6 16. Qc2 c5 17. Bd2 Qc7 18. Bc3 cxd4 19. Bxd4 Nd7 20. a5 a6 21.
Qc3 Bf6 22. Bxf6 Nxf6 23. Qe5 Rxd1+ 24. Rxd1 Rd8 25. Rxd8+ Qxd8 26. h3 h6 27.
Nd4 Qc8 28. Kf1 Nd7 29. Qd6 Nc5 30. Ke2 e5 31. Qxe5 Nxb3 32. Qd5 Nxd4+ 33. Qxd4
Qe6+ 34. Kd2 Qe7 35. Qd5 Qb4+ 36. Ke3 Qc3+ 37. Ke2 Qc2+ 38. Ke3 Qc3+ 39. Kf4
Qf6+ 40. Kg3 Qe7 41. Kf3 1/2-1/2

[Event "4NCL Division 1d"]
[Site "Hinckley Island ENG"]
[Date "2014.05.03"]
[Round "9.183"]
[White "Houska, Jovanka"]
[Black "Camus de Solliers, Guillaume"]
[Result "0-1"]
[WhiteElo "2410"]
[BlackElo "2351"]
[PlyCount "156"]
[EventDate "2014.05.03"]
[WhiteTeam "Wood Green HK 2"]
[BlackTeam "Cambridge University 1"]

1. d4 e6 2. c4 Nf6 3. Nf3 b6 4. g3 Bb7 5. Bg2 c5 6. d5 exd5 7. Ng5 Na6 8. Nc3
Nc7 9. O-O h6 10. Nh3 Rb8 11. cxd5 d6 12. e4 Be7 13. f4 O-O 14. Nf2 b5 15. a3
a5 16. Be3 b4 17. axb4 axb4 18. Ne2 Re8 19. g4 Bf8 20. Qd2 Qe7 21. Ng3 Bc8 22.
Ra7 Rb7 23. Rxb7 Bxb7 24. Re1 Qd8 25. Qd1 Qa8 26. h4 Qa2 27. g5 hxg5 28. hxg5
Nd7 29. Bc1 c4 30. g6 fxg6 31. Qg4 Nf6 32. Qxg6 Ncxd5 33. Nf5 Ne7 34. Nh6+ Kh8
35. Qf7 gxh6 36. Qxf6+ Bg7 37. Qxd6 c3 38. bxc3 bxc3 39. f5 Qa6 40. Qd7 Qc6 41.
Qxc6 Bxc6 42. Rd1 Ba4 43. Rd6 Nxf5 44. exf5 Re1+ 45. Bf1 Rxc1 46. Nd3 Rd1 47.
f6 Bf8 48. Rd8 Kg8 49. Rc8 c2 50. Kf2 Kf7 51. Be2 Ba3 52. Kf3 Kxf6 53. Rc3 Ke7
54. Ke3 Bd6 55. Kf2 Ra1 56. Ke3 Kd7 57. Bg4+ Ke7 58. Be2 Rd1 59. Ke4 Rh1 60.
Rc4 Rh4+ 61. Kd5 Rxc4 62. Kxc4 Ba3 63. Kc3 c1=Q+ 64. Nxc1 Bxc1 65. Bf3 Bb5 66.
Kc2 Be3 67. Kd1 Bf2 68. Be2 Ba4+ 69. Kd2 Kf6 70. Bf3 Bb5 71. Be2 Bc6 72. Bd3
Bf3 73. Be2 Bg2 74. Bd3 h5 75. Ke2 Bd4 76. Ke1 h4 77. Bf1 h3 78. Ke2 Kg5 0-1

[Event "4NCL Division 1d"]
[Site "Hinckley Island ENG"]
[Date "2014.05.03"]
[Round "9.184"]
[White "Bisby, Daniel L"]
[Black "Shaw, John K"]
[Result "0-1"]
[WhiteElo "2310"]
[BlackElo "2414"]
[PlyCount "70"]
[EventDate "2014.05.03"]
[WhiteTeam "Cambridge University 1"]
[BlackTeam "Wood Green HK 2"]

1. e4 d6 2. d4 Nf6 3. Nc3 e5 4. Nf3 Nbd7 5. Bc4 Be7 6. O-O O-O 7. Re1 c6 8. a4
h6 9. a5 Re8 10. h3 Qc7 11. Be3 Nf8 12. d5 Ng6 13. Qd2 Bf8 14. b4 Bd7 15. a6
cxd5 16. axb7 Qxb7 17. Nxd5 Nxd5 18. Bxd5 Bc6 19. Bxc6 Qxc6 20. Rxa7 Rxa7 21.
Bxa7 Rc8 22. c3 Nf4 23. g3 Nxh3+ 24. Kg2 Ng5 25. Nxg5 hxg5 26. Qd5 Qxc3 27. Rb1
Qc2 28. Rb3 Rc4 29. Rf3 Qxe4 30. Qxf7+ Kh7 31. Qh5+ Kg8 32. Qf7+ Kh7 33. g4
Qxg4+ 34. Rg3 Rf4 35. Qd5 Qd7 0-1

[Event "4NCL Division 1d"]
[Site "Hinckley Island ENG"]
[Date "2014.05.03"]
[Round "9.185"]
[White "Arakhamia-Grant, Ketevan E"]
[Black "Eckersley-Waites, Adam"]
[Result "1-0"]
[WhiteElo "2392"]
[BlackElo "2275"]
[PlyCount "79"]
[EventDate "2014.05.03"]
[WhiteTeam "Wood Green HK 2"]
[BlackTeam "Cambridge University 1"]

1. e4 c5 2. Nf3 d6 3. Bb5+ Bd7 4. Bxd7+ Qxd7 5. O-O Nf6 6. Re1 Nc6 7. b3 e6 8.
Bb2 Be7 9. d4 cxd4 10. Nxd4 O-O 11. c4 a6 12. Nc3 Rfc8 13. a4 Qd8 14. Nxc6 Rxc6
15. Ne2 Qa5 16. Nd4 Rc7 17. Re3 Nd7 18. Rg3 Bf6 19. Bc3 Qc5 20. Qd2 h5 21. Rd1
h4 22. Rh3 Rd8 23. Ne2 Ne5 24. Bd4 Qc6 25. f4 Ng4 26. Bxf6 Nxf6 27. e5 Qc5+ 28.
Qe3 Qxe3+ 29. Rxe3 Ng4 30. Red3 d5 31. h3 Nh6 32. cxd5 Rxd5 33. Rxd5 exd5 34.
Rxd5 Rc2 35. Nd4 Rd2 36. Rd6 Kh7 37. Nf3 Rb2 38. Ng5+ Kh8 39. Rd8+ Ng8 40.
Nxf7+ 1-0

[Event "4NCL Division 1d"]
[Site "Hinckley Island ENG"]
[Date "2014.05.03"]
[Round "9.186"]
[White "Spencer, Carl J"]
[Black "Bellon Lopez, Juan M"]
[Result "0-1"]
[WhiteElo "2190"]
[BlackElo "2399"]
[PlyCount "112"]
[EventDate "2014.05.03"]
[WhiteTeam "Cambridge University 1"]
[BlackTeam "Wood Green HK 2"]

1. e4 c5 2. Nf3 e6 3. g3 Nc6 4. Bg2 Nf6 5. d3 Be7 6. O-O O-O 7. Qe2 d6 8. Nbd2
Qc7 9. Re1 Bd7 10. c3 Rac8 11. b3 b5 12. Bb2 b4 13. c4 e5 14. h3 a5 15. Nf1 Nd4
16. Qd1 a4 17. Ne3 Ra8 18. Nxd4 cxd4 19. Nf5 Bd8 20. Qd2 Rb8 21. g4 g6 22. Ng3
Ne8 23. f4 Bh4 24. Kh2 f6 25. Rf1 Qc5 26. Ne2 Ng7 27. Bc1 Ra8 28. a3 Rfb8 29.
axb4 Qxb4 30. Qxb4 Rxb4 31. bxa4 Rb3 32. Rd1 Rxa4 33. Rxa4 Bxa4 34. f5 Ne8 35.
Rd2 Bd7 36. Rd1 Nc7 37. Bf1 Na6 38. Ng1 Rb1 39. Be2 Nc5 40. Kg2 Ba4 41. Rf1 Bc2
42. Nf3 Bxd3 43. Bxd3 Nxd3 44. Nxh4 Rxc1 45. Rxc1 Nxc1 46. Kf2 Nd3+ 47. Ke2
Nf4+ 48. Kd2 Kf7 49. Nf3 Nxh3 50. Ke2 Nf4+ 51. Kd2 g5 52. Nh2 Ng2 53. Nf1 Kg7
54. Kd3 h5 55. Nh2 h4 56. Nf3 Ne3 0-1

[Event "4NCL Division 1d"]
[Site "Hinckley Island ENG"]
[Date "2014.05.03"]
[Round "9.187"]
[White "Pein, Malcolm"]
[Black "McClement, Andrew"]
[Result "1/2-1/2"]
[WhiteElo "2363"]
[BlackElo "2188"]
[PlyCount "120"]
[EventDate "2014.05.03"]
[WhiteTeam "Wood Green HK 2"]
[BlackTeam "Cambridge University 1"]

1. d4 Nf6 2. c4 e6 3. Nc3 Bb4 4. e3 d5 5. a3 Bxc3+ 6. bxc3 O-O 7. cxd5 exd5 8.
Bd3 c5 9. Ne2 b6 10. O-O Ba6 11. Bxa6 Nxa6 12. f3 Re8 13. Ra2 b5 14. Ng3 Rc8
15. Re2 cxd4 16. cxd4 Rc4 17. Bb2 b4 18. axb4 Nxb4 19. e4 Re6 20. e5 Ne8 21. f4
Rec6 22. f5 Rc2 23. Ba3 Qb6 24. Rxc2 Nxc2 25. Bc5 Rxc5 26. dxc5 Qxc5+ 27. Kh1
Ne3 28. Qa4 Nc7 29. Rb1 h6 30. Qd7 Ng4 31. h3 Nxe5 32. Qc8+ Kh7 33. Rb8 Qc1+
34. Kh2 Nf3+ 35. gxf3 Qd2+ 36. Kg1 Qe3+ 37. Kg2 Qd2+ 38. Kg1 Qe3+ 39. Kg2 Qd2+
40. Kf1 Qd1+ 41. Kf2 Qd4+ 42. Ke2 Qc4+ 43. Ke3 Qc1+ 44. Kd3 Qc4+ 45. Kd2 Qd4+
46. Ke1 Qc3+ 47. Ke2 Qc4+ 48. Ke3 Qc1+ 49. Kd4 Qg1+ 50. Kd3 Qd1+ 51. Kc3 Qc1+
52. Kb4 Qc4+ 53. Ka3 Qc3+ 54. Ka2 Qc4+ 55. Kb1 Qd3+ 56. Kb2 Qd4+ 57. Kc2 Qc4+
58. Kd1 Qd3+ 59. Ke1 Qc3+ 60. Kf2 Qd4+ 1/2-1/2

[Event "4NCL Division 1d"]
[Site "Hinckley Island ENG"]
[Date "2014.05.03"]
[Round "9.188"]
[White "Bamber, Elaine"]
[Black "Hegarty, Sarah N"]
[Result "1-0"]
[WhiteElo "2078"]
[BlackElo "2094"]
[PlyCount "117"]
[EventDate "2014.05.03"]
[WhiteTeam "Cambridge University 1"]
[BlackTeam "Wood Green HK 2"]

1. e4 c5 2. Nf3 d6 3. Bb5+ Bd7 4. Bxd7+ Qxd7 5. O-O Nc6 6. c3 g6 7. Qe2 Bg7 8.
Rd1 Rc8 9. h3 e5 10. d3 Nf6 11. Nbd2 O-O 12. Nf1 d5 13. Ng3 d4 14. c4 Ne8 15.
Bd2 Nd6 16. a3 a5 17. Rab1 a4 18. b4 axb3 19. Rxb3 Ra8 20. Rdb1 Ra4 21. Bc1
Rfa8 22. Ne1 Na5 23. Rb6 Bf6 24. Qd1 Nc6 25. Nc2 Bd8 26. R6b3 Bh4 27. Ne2 f5
28. exf5 Qxf5 29. g3 Be7 30. g4 Qf7 31. Ng3 Bh4 32. Ne1 Rf8 33. Qe2 Raa8 34.
Bh6 Bxg3 35. Bxf8 Rxf8 36. fxg3 e4 37. dxe4 Ne5 38. Kg2 Qe6 39. Nd3 Qxc4 40.
R1b2 Nxd3 41. Rxd3 Qe6 42. Rf3 Rxf3 43. Qxf3 c4 44. e5 Qxe5 45. Re2 Qb5 46. Qf6
Qd5+ 47. Kh2 Ne4 48. Qf3 d3 49. Rxe4 Qb5 50. Re1 Qd7 51. Rf1 Qe7 52. Qd5+ Kg7
53. Qd4+ Kh6 54. Qf4+ Kg7 55. g5 b5 56. Rf2 Kg8 57. Qb8+ Kg7 58. Qxb5 Qc7 59.
Qe8 1-0

[Event "4NCL Division 2a"]
[Site "Hinckley Island ENG"]
[Date "2013.11.16"]
[Round "1.11"]
[White "Thomas, Nicholas"]
[Black "Lee, Richard WY"]
[Result "1-0"]
[WhiteElo "2295"]
[BlackElo "2129"]
[PlyCount "107"]
[EventDate "2013.11.16"]
[WhiteTeam "Warwickshire Select 1"]
[BlackTeam "Cambridge University 2"]

1. e4 e6 2. d4 d5 3. Nd2 c5 4. exd5 Qxd5 5. Ngf3 cxd4 6. Bc4 Qd6 7. Qe2 Nf6 8.
Nb3 Nc6 9. Bg5 Be7 10. O-O-O O-O 11. Nbxd4 Nxd4 12. Rxd4 Qc7 13. Qe5 Qxe5 14.
Nxe5 Bc5 15. Rf4 Bd6 16. Bxf6 gxf6 17. Rg4+ Kh8 18. Nd3 b6 19. Rd4 Rd8 20. Rd1
Bb7 21. Nc5 bxc5 22. Rxd6 Rxd6 23. Rxd6 Bxg2 24. Rd7 Kg8 25. Rc7 Rd8 26. Rxc5
Rd4 27. Rc8+ Kg7 28. Rc7 Kg6 29. Bd3+ f5 30. Rxa7 Rf4 31. a4 Rxf2 32. a5 e5 33.
Bc4 e4 34. a6 e3 35. Re7 Bf1 36. b3 Bxc4 37. bxc4 Rd2 38. a7 Rd8 39. Rxe3 Kf6
40. Ra3 Ra8 41. Ra5 Ke6 42. Kd2 Kd6 43. Ke3 Kc6 44. c5 h5 45. h4 Kc7 46. Kf4
Kc6 47. Kxf5 Kb7 48. Kf6 Kc6 49. Kxf7 Kb7 50. c3 Kc6 51. Kg6 Kb7 52. c6+ Kxc6
53. Kxh5 Kb7 54. Kg6 1-0

[Event "4NCL Division 2a"]
[Site "Hinckley Island ENG"]
[Date "2013.11.16"]
[Round "1.12"]
[White "Karayiannis, Costas"]
[Black "Pitcher, John"]
[Result "1/2-1/2"]
[WhiteElo "2167"]
[BlackElo "2246"]
[PlyCount "60"]
[EventDate "2013.11.16"]
[WhiteTeam "Cambridge University 2"]
[BlackTeam "Warwickshire Select 1"]

1. d4 d5 2. c4 c6 3. Nf3 Nf6 4. e3 a6 5. Bd3 Bg4 6. Nbd2 e6 7. b3 Nbd7 8. Bb2
Bd6 9. Qc2 Qb8 10. h3 Bh5 11. O-O O-O 12. Rac1 Re8 13. Rfe1 Bg6 14. Bxg6 hxg6
15. e4 Bf4 16. Rcd1 a5 17. e5 Nh7 18. Nb1 Nhf8 19. g3 Bh6 20. Nc3 Qd8 21. Bc1
Nb6 22. Bxh6 gxh6 23. c5 Nbd7 24. Na4 Rc8 25. Qd2 Kg7 26. Re2 Ra8 27. Rc1 Nh7
28. Kg2 Ng5 29. Nh2 f5 30. h4 Nf7 1/2-1/2

[Event "4NCL Division 2a"]
[Site "Hinckley Island ENG"]
[Date "2013.11.16"]
[Round "1.13"]
[White "Mason, Donald J"]
[Black "Beckett, Chris J"]
[Result "1/2-1/2"]
[WhiteElo "2204"]
[BlackElo "2128"]
[PlyCount "45"]
[EventDate "2013.11.16"]
[WhiteTeam "Warwickshire Select 1"]
[BlackTeam "Cambridge University 2"]

1. d4 Nf6 2. c4 Nc6 3. Nf3 e6 4. a3 d6 5. Nc3 g6 6. e4 Bg7 7. Be2 O-O 8. O-O
Re8 9. d5 exd5 10. cxd5 Nb8 11. Qc2 Bg4 12. h3 Bxf3 13. Bxf3 Qe7 14. g3 Nbd7
15. Bg2 Nc5 16. Re1 a5 17. Be3 Nfd7 18. Rad1 a4 19. Kh2 h6 20. f3 Kh7 21. Bf2
Qf8 22. Nb5 Rac8 23. Nc3 1/2-1/2

[Event "4NCL Division 2a"]
[Site "Hinckley Island ENG"]
[Date "2013.11.16"]
[Round "1.14"]
[White "Hill, Alistair"]
[Black "Hynes, AM (Tony)"]
[Result "1-0"]
[WhiteElo "2077"]
[BlackElo "2173"]
[PlyCount "75"]
[EventDate "2013.11.16"]
[WhiteTeam "Cambridge University 2"]
[BlackTeam "Warwickshire Select 1"]

1. e4 e5 2. Nf3 Nc6 3. Bc4 Nf6 4. Ng5 Bc5 5. Bxf7+ Ke7 6. Bb3 Rf8 7. d3 d6 8.
h3 Qe8 9. Nf3 Qh5 10. Rf1 Bd7 11. Nc3 h6 12. Ne2 g5 13. Ng3 Qg6 14. Qe2 Nh5 15.
Nxe5 dxe5 16. Qxh5 Qf6 17. Be3 Nd4 18. c3 Nxb3 19. axb3 Bxe3 20. fxe3 Qb6 21.
Qe2 Rxf1+ 22. Kxf1 Qxb3 23. Nf5+ Bxf5 24. exf5 Rf8 25. e4 Qb6 26. b4 Rf6 27.
Ra5 c5 28. Rxc5 Qd6 29. Qe3 b6 30. Rd5 Qc7 31. c4 Rf8 32. Qf3 a5 33. bxa5 bxa5
34. Qd1 Kf6 35. Qa1 Ra8 36. c5 a4 37. Rd6+ Kf7 38. Qxe5 1-0